000 00653nam a2200229Ia 4500
003 OSt
005 20220925211430.0
006 a|||||r|||| 00| 0
007 ta
008 220923b |||||||| |||| 00| 0 eng d
037 _cGeneral Book
040 _aRTL
_cRTL
_beng
041 _2eng
_aeng
082 _aV44Q7.N6, K1
100 _aSamin Khan
_9274656
245 0 _aPakistan
_b Ideology, constitution laws foreign poli
260 _aKarachi
_bSentinal Publications
_c1967
300 _aiii, 132p
_ccm.
650 _aPakistan History
_928228
942 _hV44Q7.N6, K1
_cGB
_2CC
999 _c557668
_d557668